[Event "ch-ESP"]
[Site "Barcelona ESP"]
[Date "2000.08.19"]
[Round "2"]
[White "Franco Ocampos,Z"]
[Black "Bravo Barranco,N"]
[Result "1-0"]
[WhiteElo "2512"]
[BlackElo "2236"]

1.c4 c6 2.g3 d5 3.Bg2 Nf6 4.Nf3 Bf5 5.cxd5 cxd5 6.Qb3 Qb6 7.Qxb6 axb6 8.Nc3 Nc6
9.d3 e6 10.Nb5 Bb4+ 11.Bd2 Ke7 12.Nfd4 Bxd2+ 13.Kxd2 Bg6 14.f4 Ra5 15.e3 Re8
16.a3 Nxd4 17.Nxd4 Nd7 18.Rac1 Rc5 19.Bh3 Ra8 20.Rc3 Rxc3 21.Kxc3 Nc5 22.f5 exf5
23.Nxf5+ Bxf5 24.Bxf5 g6 25.Bh3 f5 26.g4 fxg4 27.Bxg4 Rf8 28.h4 Rf2 29.h5 g5
30.h6 Kf6 31.b4 Ne6 32.Rg1 Nc7 33.Kd4 Kg6 34.Rh1 Rf8 35.Rh3 Ra8 36.Ke5 Re8+
37.Kd6 Nb5+ 38.Kxd5 Rd8+ 39.Ke6 Nc7+ 40.Ke7 Rxd3 41.Bh5+ Kf5 42.e4+  1-0

[Event "Open"]
[Site "Polanica Zdroj POL"]
[Date "2000.08.20"]
[Round "4"]
[White "Kveinys,A"]
[Black "Dziuba,M"]
[Result "1/2-1/2"]
[WhiteElo "2522"]
[BlackElo "2392"]

1.c4 c6 2.d4 d5 3.cxd5 cxd5 4.Nc3 Nf6 5.Bf4 Nc6 6.e3 a6 7.Bd3 Bg4 8.Nge2 e6
9.Qb3 Na5 10.Qa4+ Nc6 11.O-O Be7 12.Rfc1 O-O 13.Qd1 Rc8 14.a3 Nd7 15.b4 b5
16.Bg3 Bh5 17.Qb3 Nb6 18.Nf4 Bg6 19.Bxg6 hxg6 20.Nd3 Nc4 21.a4 a5 22.axb5 Nxb4
23.Na4 Nxd3 24.Qxd3 Qd7 25.b6 Qb7 26.Bc7 Bb4 27.e4 Rfe8 28.e5 Re7 29.h4 Rexc7
30.bxc7 Rxc7 31.g3 Qb8 32.Kg2 Rb7 33.Rh1 Be7 34.Rab1 Rxb1 35.Rxb1 Bb4 36.Nb2 Qb7
37.Nd1 Qc6 38.Ne3 Na3 39.Rh1 Qc3 40.Rd1 Qxd3 41.Rxd3 a4 42.Kf3 Nb5 43.Nc2 Bc3
44.Ke3 Bb2 45.f4 Kf8 46.Kd2 Ke7 47.g4 Kd7  1/2-1/2

[Event "Open"]
[Site "Porto San Giorgio ITA"]
[Date "2000.08.20"]
[Round "1"]
[White "Agrest,E"]
[Black "Schweiger,G"]
[Result "1-0"]
[WhiteElo "2554"]
[BlackElo "2149"]

1.c4 c6 2.d4 d5 3.Nc3 Nf6 4.e3 g6 5.Nf3 Bg7 6.cxd5 cxd5 7.Bb5+ Nc6 8.Ne5 Qd6
9.Qa4 Bd7 10.f4 O-O 11.O-O Rfc8 12.Bd2 a6 13.Nxd7 Qxd7 14.Bd3 b5 15.Qd1 e6
16.Be1 Ne7 17.a4 Nf5 18.Qe2 b4 19.Na2 a5 20.Nc1 Ne4 21.Nb3 Nfd6 22.Bh4 Nf5
23.Bf2 h5 24.Rfc1 Rxc1+ 25.Nxc1 Rc8 26.Nb3 Qa7 27.Bxe4 dxe4 28.Qb5 Rc2 29.Nxa5 Rxf2
30.Kxf2 Bxd4 31.Nc6 Bxe3+ 32.Ke2 Qc7 33.Qb8+ Qxb8 34.Nxb8 Bxf4 35.Nc6 e5
36.Rd1 Bxh2 37.a5 Bf4 38.a6 Ng3+ 39.Kf2 e3+ 40.Ke1  1-0

[Event "ECh-u20 Girls"]
[Site "Aviles ESP"]
[Date "2000.08.23"]
[Round "7"]
[White "Radziewicz,I"]
[Black "Houska,J"]
[Result "1/2-1/2"]
[WhiteElo "2379"]
[BlackElo "2279"]

1.c4 c6 2.Nf3 Nf6 3.Nc3 d5 4.e3 g6 5.d4 Bg7 6.Bd3 O-O 7.O-O Bg4 8.h3 Bxf3
9.Qxf3 e6 10.Rd1 Nbd7 11.Qe2 Qe7 12.b3 Rfd8 13.a4 e5 14.Ba3 Qe8 15.cxd5 Nxd5
16.Nxd5 cxd5 17.Rac1 exd4 18.exd4 Qxe2 19.Bxe2 Rac8 20.Bf3 Nf6 21.Be7 Re8
22.Bxf6 Bxf6 23.Bxd5 Rxc1 24.Rxc1 Bxd4 25.Kf1 Re7 26.a5 Re5 27.Rc8+ Kg7 28.Rd8 Bc3
29.g4 Re1+ 30.Kg2 Re7 31.Ra8 Rd7 32.Be4 a6 33.Rb8 Bxa5 34.Rxb7 Rd4 35.Kf3 Be1
36.Rc7 a5 37.Rc2 Rd2 38.Ke3 Rxc2 39.Bxc2 g5 40.Ke4 Bxf2 41.Kf5 h6 42.Bd3  1/2-1/2

[Event "Open"]
[Site "Abudhabi UAE"]
[Date "2000.08.27"]
[Round "2"]
[White "Vakhidov,T"]
[Black "Mirzoev,A"]
[Result "1/2-1/2"]
[WhiteElo "2458"]
[BlackElo "2414"]

1.c4 c6 2.Nf3 d5 3.d4 Nf6 4.Nc3 dxc4 5.a4 Bf5 6.Ne5 e6 7.f3 Bb4 8.e4 Bxe4
9.fxe4 Nxe4 10.Bd2 Qxd4 11.Nxe4 Qxe4+ 12.Qe2 Bxd2+ 13.Kxd2 Qd5+ 14.Kc2 Na6
15.Nxc4 b5 16.axb5 Nb4+ 17.Kc3 cxb5 18.Rd1 Qc5 19.Qe5 Nd5+ 20.Rxd5 Qxd5 21.Nd6+ Kf8
22.Qxd5 exd5 23.Bxb5 Rd8 24.Nf5 g6 25.Nd4 Rc8+ 26.Kd3 Kg7 27.Bc6 Rc7 28.Ra1 Rb8
29.b3 Rb6 30.Bxd5 h5 31.Ra5 Kh6 32.h3 Kg7 33.Bc4 Re7 34.Nf3 Kh6 35.Ne5 Rf6
36.Nf3 Kg7 37.Kd2 Rd6+ 38.Kc2 Rf6 39.Kc3 Rd6 40.Ne5 Rf6  1/2-1/2

[Event "MSO Ron Banwell mem"]
[Site "London ENG"]
[Date "2000.08.27"]
[Round "8"]
[White "McNab,C"]
[Black "Cherniaev,A"]
[Result "1/2-1/2"]
[WhiteElo "2416"]
[BlackElo "2454"]

1.c4 c6 2.Nf3 d5 3.e3 e6 4.b3 Nd7 5.Bb2 Ngf6 6.Be2 Bd6 7.d4 Ne4 8.Nbd2 f5
9.O-O O-O 10.Ne5 Qe7 11.f3 Nxd2  1/2-1/2

[Event "Open"]
[Site "Collado Villalba ESP"]
[Date "2000.08.29"]
[Round "7"]
[White "Suba,M"]
[Black "Perez,Rod"]
[Result "1/2-1/2"]
[WhiteElo "2487"]
[BlackElo "2478"]

1.c4 c6 2.e4 d5 3.exd5 cxd5 4.cxd5 Nf6 5.Nc3 Nxd5 6.Nf3 e6 7.d4 Be7 8.Bd3 Nc6
9.O-O O-O 10.Re1 Nf6 11.a3 b6 12.Bb1 Bb7 13.Qd3 Re8 14.Bg5 g6 15.Ba2 Nd5
16.Bh6 Nxc3 17.bxc3 Bf8 18.Bxf8 Rxf8 19.c4 Qd6 20.Rad1 Rfe8 21.Ng5 Qf4 22.Ne4 Rad8
23.Qe3 Qxe3 24.fxe3 Kg7 25.c5 bxc5 26.Nxc5 Ba8 27.Rb1 Rb8 28.Bc4 Rxb1 29.Rxb1 Rb8
30.Rxb8 Nxb8 31.Kf2 Kf6 32.e4 Ke7 33.g3 Nd7 34.e5 Nxc5 35.dxc5 f6 36.exf6+ Kxf6
37.Ke3 Ke5 38.Kd3 Bc6 39.Kc3 a5 40.Kd3 g5 41.Ke3 h6 42.Bb3 Bd7 43.Bc4  1/2-1/2

[Event "chT-POL"]
[Site "Zakopane chT"]
[Date "2000.09.03"]
[Round "2"]
[White "Zaskalski,A"]
[Black "Stein,Marcin"]
[Result "0-1"]
[WhiteElo "2211"]
[BlackElo "2125"]

1.c4 c6 2.Nf3 d5 3.b3 Nf6 4.g3 g6 5.Bb2 Bg7 6.Bg2 O-O 7.O-O Nbd7 8.d3 Re8
9.Nbd2 e5 10.cxd5 Nxd5 11.Nc4 Qc7 12.Rc1 N5b6 13.Rc2 Nxc4 14.bxc4 Nb6 15.c5 Nd5
16.e4 Nb4 17.Rc4 Na6 18.Qa1 Bg4 19.Rd1 Rad8 20.h3 Bc8 21.d4 Be6 22.Rcc1 Bh6
23.Rc3 exd4 24.Nxd4 Qa5 25.Nxe6 Rxe6 26.Rxd8+ Qxd8 27.Qb1 Re7 28.Rd3 Rd7
29.Rxd7 Qxd7 30.Qc2 Qd2 31.Qxd2 Bxd2 32.Bd4 Bb4 33.Bf1 Nxc5 34.Bxc5 Bxc5
35.Kg2 Kf8 36.Bc4 Ke7 37.f4 f6 38.Kf3 b5 39.Bb3  0-1

[Event "Open"]
[Site "Abudhabi UAE"]
[Date "2000.09.04"]
[Round "9"]
[White "Kaabi,M"]
[Black "Kadhi,H"]
[Result "0-1"]
[WhiteElo "2380"]
[BlackElo "2335"]

1.c4 c6 2.Nf3 d5 3.d4 dxc4 4.Nc3 b5 5.a4 b4 6.Ne4 e6 7.e3 Ba6 8.Ne5 Be7 9.Qg4 g6
10.Qf4 f5 11.Nc5 Bxc5 12.dxc5 Qd5 13.Nxc4 Bxc4 14.Bxc4 Qxg2 15.Rf1 Qe4 16.Qxe4 fxe4
17.b3 Nf6 18.Bb2 Rf8 19.Bxe6 Ke7 20.Bc4 Nbd7 21.Bd4 Ng4 22.Ke2 Rf5 23.h3 Nh2
24.Rg1 Raf8 25.Rg2 Nf3 26.Bg7 Rd8 27.Rd1 Nxc5 28.Rxd8 Kxd8 29.Bd4 Nxd4+ 30.exd4 Nd7
31.Bg8 Nf6 32.Be6 Rf3 33.Rg5 Kc7 34.Ra5 Kb6 35.Re5 Rd3 36.a5+ Kb7 37.Rxe4 Rxb3
38.Rf4 Nd5 39.Rf7+ Ka6 40.Bxd5 cxd5 41.Rxh7 Rc3 42.Kd2 Rc4 43.Rd7 b3 44.Rd6+ Kxa5
45.Rxd5+ Ka4 46.Rd7 a5 47.d5 Ka3 48.Rb7 a4  0-1

[Event "Open"]
[Site "Abudhabi UAE"]
[Date "2000.09.04"]
[Round "9"]
[White "Mirzoev,A"]
[Black "Badjarani,I"]
[Result "1/2-1/2"]
[WhiteElo "2414"]
[BlackElo "2354"]

1.c4 c6 2.e4 d5 3.exd5 Nf6 4.dxc6 Nxc6 5.d3 e5 6.Be2 Bf5 7.Nf3 Qd7 8.O-O O-O-O
9.Qa4 Bc5 10.Qb5 Qe7 11.Nc3 Bxd3 12.Bxd3  1/2-1/2

[Event "FSIMB September"]
[Site "Budapest HUN"]
[Date "2000.09.06"]
[Round "5"]
[White "Bock,J"]
[Black "Nemeth,Z"]
[Result "1/2-1/2"]
[WhiteElo "2245"]
[BlackElo "2308"]

1.c4 c6 2.d4 d5 3.cxd5 cxd5 4.Bf4 Nc6 5.e3 a6 6.Nc3 Nf6 7.Bd3 e6 8.Rc1 Bd7
9.Nf3 b5 10.O-O Be7 11.h3 O-O 12.Ne5 Qb6 13.Nxd7 Nxd7 14.Qc2 Nf6 15.Na4 bxa4
16.Qxc6 Qxb2 17.Qxa4 Qa3  1/2-1/2

[Event "Open"]
[Site "Cesenatico ITA"]
[Date "2000.09.10"]
[Round "9"]
[White "Molina,Fa"]
[Black "Assmann,T"]
[Result "1/2-1/2"]
[WhiteElo "2313"]
[BlackElo "2335"]

1.c4 c6 2.Nf3 Nf6 3.b3 g6 4.Bb2 Bg7 5.g3 O-O 6.Bg2 d6 7.O-O a5 8.Nc3 e5 9.d3 Na6
10.Rc1 Re8 11.Nd2 Be6 12.Nde4 h6 13.Qd2 Kh7 14.Rfd1 Ng8 15.Qe1  1/2-1/2

[Event "zt 1.1"]
[Site "Mondariz ESP"]
[Date "2000.09.12"]
[Round "9"]
[White "Piket,Je"]
[Black "Magem Badals,J"]
[Result "1-0"]
[WhiteElo "2649"]
[BlackElo "2482"]

1.c4 c6 2.Nf3 d5 3.e3 Nf6 4.Nc3 a6 5.b3 Bg4 6.Be2 e6 7.Bb2 Bd6 8.h3 Bh5 9.d3 Nbd7
10.g4 Bg6 11.g5 Nh5 12.Rg1 h6 13.Nh4 hxg5 14.Nxg6 fxg6 15.Qc2 Nf8 16.O-O-O Qe7
17.Kb1 Nf6 18.Bf1 Rh5 19.Bg2 Ba3 20.Ba1 O-O-O 21.Na4 Kb8 22.c5 N6d7 23.d4 Bb4
24.Nb2 Ba5 25.b4 Bc7 26.a4 e5 27.b5 exd4 28.exd4 Ba5 29.Rd3 Ne6 30.Rgd1 Rh4
31.Qe2 Qf6 32.Rb3 Nxd4 33.Rxd4 Qxd4 34.bxc6 Nxc5 35.Nd3 Qxa1+ 36.Kxa1 Nxb3+
37.Kb2 Nd2 38.Qe7 Nc4+ 39.Ka2 Bc7 40.Nc5 Na5 41.cxb7 Rd6 42.Qe8+ Ka7 43.Qa8+ Kb6
44.b8=Q+ Bxb8 45.Qxa6+ Kxc5 46.Qxa5+ Kc6 47.Qb5+ Kc7 48.Bxd5 Rxd5 49.Qxd5 Rxa4+
50.Kb3 Rh4 51.Qxg5 Rxh3+ 52.Kc4 Rh5 53.Qxg6 Re5 54.Qxg7+ Kc6 55.Qg2+ Kb6
56.Qg6+ Kb7 57.f4 Ra5 58.f5 Be5 59.f6 Bxf6 60.Qf7+ Kb8 61.Qxf6  1-0

[Event "Nordic Net Club Cup"]
[Site "Internet ICC"]
[Date "2000.09.16"]
[Round "5"]
[White "Olafsson,H"]
[Black "Lampen,T"]
[Result "1-0"]
[WhiteElo "2478"]
[BlackElo "2308"]

1.c4 c6 2.e4 e5 3.d4 d6 4.Nc3 Nf6 5.f3 Nbd7 6.Be3 Be7 7.Qd2 O-O 8.d5 a6 9.Bd3 cxd5
10.cxd5 Nh5 11.Nge2 Nc5 12.Bc2 g6 13.b4 Nd7 14.O-O f5 15.exf5 gxf5 16.f4 Nb6
17.Bb3 e4 18.Nd4 Ng7 19.a4 Qc7 20.Rac1 Qd8 21.a5 Nd7 22.Ne6 Nxe6 23.dxe6 Nb8
24.Bb6 Qe8 25.Nd5 Bxe6 26.Rc7 Nd7 27.Rxb7 Bxd5 28.Bxd5+ Kh8 29.Bc6 Qc8 30.Rxd7 Qxc6
31.Rxe7  1-0

[Event "It"]
[Site "Medellin COL"]
[Date "2000.10.01"]
[Round "6"]
[White "Alvarez,Jose"]
[Black "Alzate,D"]
[Result "0-1"]
[WhiteElo "2402"]
[BlackElo "2419"]

1.c4 c6 2.d4 d5 3.Nf3 Nf6 4.e3 Bf5 5.cxd5 cxd5 6.Qb3 Qb6 7.Nc3 Qxb3 8.axb3 Nc6
9.Ne5 Bd7 10.Nxd7 Kxd7 11.Bd2 e6 12.Bb5 Bd6 13.Ke2 Rhc8 14.g4 Ke7 15.f3 Nb4
16.Kf2 a6 17.Be2 Nd7 18.Rhe1 f6 19.Kg2 Rab8 20.Rac1 Rc6 21.e4 Rbc8 22.Be3 Kf7
23.h4 Nf8 24.h5 h6 25.Kf2 Bb8 26.Bf1 Nd7 27.Bg2 Nb6 28.Ke2 Bd6 29.f4 dxe4
30.Nxe4 N4d5 31.Nxd6+ Rxd6 32.Rxc8 Nxc8 33.Rc1 Nce7 34.Bd2 Rb6 35.g5 f5 36.g6+ Ke8
37.b4 Kd7 38.Rc4 Rc6 39.Rc5  0-1

[Event "ch-HUN KO"]
[Site "Budapest HUN"]
[Date "2000.10.03"]
[Round "4.2"]
[White "Csom,I"]
[Black "Videki,S"]
[Result "1/2-1/2"]
[WhiteElo "2478"]
[BlackElo "2404"]

1.c4 c6 2.Nf3 d5 3.e3 Nf6 4.Qc2 Nbd7 5.d4 e6 6.Nbd2 Be7 7.Bd3 O-O 8.O-O b6
9.Ne5 Bb7 10.cxd5 cxd5 11.Nc6 Bxc6 12.Qxc6 Rc8 13.Qa4 Rc7 14.Rd1 Bd6 15.Nf1 Qe7
16.Bd2 Nb8 17.Qb3 Nc6 18.Rac1 Rfc8 19.Ba6 Rd8 20.Qa4 Nb8 21.Rxc7 Qxc7 22.Rc1 Qe7
23.Bd3 h6 24.Be1 Qb7 25.Qc2 Kf8 26.f3 Ne8 27.Bb5 Kg8 28.Qa4 Nc7 29.Bd3 Ne8
30.Bb5 Nc7 31.Bh4 g5 32.Bg3 Nxb5 33.Qxb5 Bxg3 34.hxg3 Rc8 35.Rxc8+ Qxc8 36.g4 Kg7
37.Qa4 Qc7 38.Kf2 Nd7 39.Qd1 Qc4 40.b3 Qc3 41.Qd2 Qxd2+ 42.Nxd2 Nb8 43.Nb1 Nc6
44.Nc3 Kf6 45.Ke2 Ke7  1/2-1/2

[Event "EuYCh B16"]
[Site "Halkidiki GRE"]
[Date "2000.10.06"]
[Round "5"]
[White "Hanley,C"]
[Black "Weetik,V"]
[Result "0-1"]
[WhiteElo "2294"]
[BlackElo "2365"]

1.c4 c6 2.Nf3 d5 3.d4 Nf6 4.Nc3 dxc4 5.a4 Bf5 6.Ne5 Nbd7 7.Nxc4 Qc7 8.g3 e5
9.dxe5 Nxe5 10.Bf4 Nfd7 11.Bg2 f6 12.O-O Nc5 13.e4 Bg6 14.Nxe5 fxe5 15.Be3 Be7
16.f4 Bf7 17.fxe5 O-O 18.b4 Rad8 19.Qc2 Ne6 20.Rab1 Qxe5 21.Rf5 Qd6 22.Ne2 Qd3
23.Qxd3 Rxd3 24.Bxa7 Ra8 25.Bc5 Nxc5 26.bxc5 Rd7 27.Rc1 Rxa4 28.e5 Rc4  0-1

[Event "FSIMB October"]
[Site "Budapest HUN"]
[Date "2000.10.07"]
[Round "1"]
[White "Bordas,G"]
[Black "Galindo,R"]
[Result "0-1"]
[WhiteElo "2186"]
[BlackElo "2275"]

1.c4 c6 2.e4 e5 3.Nf3 d6 4.Be2 Nf6 5.Nc3 Be7 6.d4 Nbd7 7.O-O O-O 8.h3 Re8
9.Be3 Bf8 10.d5 c5 11.a3 a6 12.b4 Qc7 13.Ne1 b5 14.g4 h6 15.h4 bxc4 16.g5 hxg5
17.hxg5 Nh7 18.Kg2 Be7 19.Qd2 cxb4 20.axb4 Rb8 21.Rb1 Ndf8 22.Bh5 Ng6 23.Bxg6 fxg6
24.f4 exf4 25.Bxf4 Qd7 26.Rf3 Rf8 27.Rg3 Qe8 28.Nc2 Qf7 29.Rf1 Bxg5 30.Ne2 Bh4
31.Ne3 Qe7 32.Qd4 Bxg3 33.Nxg3 g5 34.Bxd6 Qxd6 35.e5  0-1

[Event "Tatry Open"]
[Site "Tatranske Zruby SVK"]
[Date "2000.10.07"]
[Round "1"]
[White "Seckar,M"]
[Black "Vavra,P1"]
[Result "0-1"]
[WhiteElo "2070"]
[BlackElo "2393"]

1.c4 c6 2.d4 d5 3.Nf3 dxc4 4.a4 e6 5.Nc3 Bb4 6.e3 b5 7.Bd2 Bb7 8.axb5 Bxc3
9.Bxc3 cxb5 10.b3 a5 11.bxc4 b4 12.Bb2 Nf6 13.Bd3 Nbd7 14.Qc2 Ra7 15.e4 Qa8
16.Nd2 a4 17.d5 Nc5 18.Bd4 Nfd7 19.O-O O-O 20.f4 Ra5 21.Rf3 f6 22.Rg3 Ba6
23.Bxc5 Nxc5 24.dxe6 Qd8 25.Kh1 Qd4 26.Rf1 Qc3 27.e5 Qxc2 28.Bxc2 Nxe6 29.Be4 fxe5
30.Bd5 Rxd5 31.cxd5 Bxf1 32.dxe6 exf4 33.Rf3 Bb5 34.Kg1 Rd8 35.Ne4 Rd1+ 36.Kf2 Rf1+  0-1

[Event "EuYCh B14"]
[Site "Halkidiki GRE"]
[Date "2000.10.08"]
[Round "7"]
[White "Gashimov,V"]
[Black "Grkovic,V"]
[Result "1-0"]
[WhiteElo "2407"]
[BlackElo "2187"]

1.c4 c6 2.e4 d5 3.cxd5 cxd5 4.exd5 Qxd5 5.Nc3 Qa5 6.d4 Nf6 7.Nf3 e6 8.Bd3 Be7
9.O-O O-O 10.Qe2 Nc6 11.a3 a6 12.Rd1 Rd8 13.Bf4 Bd6 14.Be5 Bf8 15.b4 Qb6
16.Na4 Qa7 17.Bc7 Rd7 18.Bb6 Qb8 19.Bc5 Bxc5 20.dxc5 Re7 21.Nb6 Ra7 22.Be4 Nxe4
23.Qxe4 Qc7 24.Rd6 Bd7 25.Rad1 Be8 26.Ng5 g6 27.Qh4 h5 28.Ne4 Kg7 29.Qf6+ Kg8
30.Qc3 e5 31.Nd5  1-0

[Event "3rd Int"]
[Site "Torshavn FAI"]
[Date "2000.10.11"]
[Round "6"]
[White "Psakhis,L"]
[Black "Hillarp Persson,T"]
[Result "1/2-1/2"]
[WhiteElo "2611"]
[BlackElo "2549"]

1.c4 c6 2.e4 d5 3.exd5 cxd5 4.d4 Nf6 5.Nc3 e6 6.Nf3 Bb4 7.Bd3 dxc4 8.Bxc4 O-O
9.O-O b6 10.Bg5 Bb7 11.Rc1 Nbd7 12.Bd3 Rc8 13.Re1 Re8 14.Qe2 Bxc3 15.bxc3 Qc7
16.Bh4 Nh5 17.Ng5 g6 18.Qd2 Bd5 19.f3 Bc4 20.Bb1 Qf4 21.Qf2 f5 22.Nh3 Qd6
23.Bg5 b5 24.Qh4 e5 25.Rcd1 exd4 26.Rxd4 Rxe1+ 27.Qxe1 Qe6 28.Qd2 Re8 29.Bh4 Nb6
30.Rd8 Nd5 31.Rxe8+ Qxe8 32.Bf2 Qe7  1/2-1/2

[Event "ch-PER Playoff"]
[Site "Lima PER"]
[Date "2000.10.13"]
[Round "1"]
[White "Cruz,F"]
[Black "Ramos,Er"]
[Result "1/2-1/2"]
[WhiteElo "2360"]
[BlackElo "2298"]

1.c4 c6 2.d4 d5 3.cxd5 cxd5 4.Nc3 Nf6 5.Bf4 e6 6.e3 a6 7.a4 Bd6 8.Bg3 Nc6
9.Bd3 b6 10.Nf3 Bb7 11.Rc1 O-O 12.Bh4 Be7 13.O-O Rc8 14.Na2 a5 15.Qb3 Nb4
16.Nxb4 Bxb4 17.Ne5 Qd6 18.Bg3 Qe7 19.Bh4 Qd6  1/2-1/2

[Event "Tatry Open"]
[Site "Tatranske Zruby SVK"]
[Date "2000.10.13"]
[Round "7"]
[White "Sergeev,Vl"]
[Black "Vavra,P1"]
[Result "0-1"]
[WhiteElo "2475"]
[BlackElo "2393"]

1.c4 c6 2.d4 d5 3.Nf3 dxc4 4.Nc3 e6 5.g3 b5 6.Bg2 Bb7 7.O-O Nf6 8.a4 a6 9.Ne5 Qc8
10.b3 b4 11.Nxc4 bxc3 12.Nb6 Qd8 13.Nxa8 a5 14.Qd3 Bb4 15.Ba3 Na6 16.d5 Qxa8
17.dxc6 Bxc6 18.Bxc6+ Qxc6 19.Qb5 Kd7 20.Rfd1+ Kc7 21.Rd4 Qxb5 22.axb5 Nc5
23.Bxb4 axb4 24.b6+ Kc6 25.Rxb4 Nd5 26.Rc4 Kxb6 27.e4 Nxb3 28.Raa4 Nc5 29.Ra1 Kb5
30.Rd4 Nb3 31.Rb1 Kc5 32.Rd3 c2 33.Rdxb3 cxb1=Q+ 34.Rxb1 Nb6 35.Rc1+ Nc4
36.Rd1 Rb8 37.f4 Rb2 38.Rd7 Nd2 39.Rxf7 Nf3+ 40.Kf1 Kd4 41.Ra7 Rxh2 42.e5 g6
43.Ra3 Ke4 44.Rc3 h5 45.Rc4+ Kf5 46.g4+ Kxg4 47.f5+ Kg3  0-1

[Event "FSIMB October"]
[Site "Budapest HUN"]
[Date "2000.10.15"]
[Round "9"]
[White "Lehtinen,H"]
[Black "Dudas,Jano"]
[Result "1-0"]
[WhiteElo "2329"]
[BlackElo "2338"]

1.c4 c6 2.g3 d5 3.Bg2 Nf6 4.Nf3 Bg4 5.Ne5 Bf5 6.cxd5 cxd5 7.Nc3 e6 8.g4 Bg6
9.h4 h6 10.Nxg6 fxg6 11.Qc2 Kf7 12.h5 g5 13.d4 Nc6 14.f4 gxf4 15.Bxf4 Bd6
16.Rf1 Bxf4 17.Qg6+ Kg8 18.Rxf4 Ne7 19.Qd3 Qc7 20.e3 Kf7 21.O-O-O Rhf8 22.Rdf1 Kg8
23.Bf3 Rac8 24.Kb1 Qc4 25.Qd1 Qb4 26.a3 Qd6 27.Qd3 Nh7 28.Bd1 Ng5 29.Bc2 a6
30.Na4 a5 31.Qb5 Qc6 32.Rxf8+ Rxf8 33.Rxf8+ Kxf8 34.Qxa5 Nc8 35.Bg6 Ke7 36.Qa8 e5
37.Nc5 exd4 38.exd4 Nf3 39.Qb8 b6 40.Nb3 Qd6 41.Qxc8  1-0

[Event "It"]
[Site "Alushta UKR"]
[Date "2000.10.19"]
[Round "5"]
[White "Ragozin,E"]
[Black "Miroshnichenko,E"]
[Result "0-1"]
[WhiteElo "2489"]
[BlackElo "2509"]

1.c4 c6 2.Nf3 Nf6 3.Nc3 d5 4.e3 e6 5.b3 Nbd7 6.Qc2 b6 7.cxd5 exd5 8.Bb2 Bb7
9.d4 Bd6 10.g4 Qe7 11.g5 Ne4 12.Nxe4 dxe4 13.Nd2 O-O 14.Nxe4 Bb4+ 15.Kd1 c5
16.Bg2 cxd4 17.Bxd4 Rac8 18.Qb1 Rfe8 19.f3 Nc5 20.Nf6+ gxf6 21.gxf6 Qd7 22.Rg1 Rxe3
23.Bh3+ Kh8 24.Bxd7 Bxf3+ 25.Kc2 Re2+ 26.Kd1 Rf2+  0-1

[Event "TCh-SVK"]
[Site "SVK"]
[Date "2000.10.22"]
[Round "2"]
[White "Dobrotka,M"]
[Black "Kujovic,M"]
[Result "0-1"]
[WhiteElo "2190"]
[BlackElo "2244"]

1.c4 c6 2.Nf3 Nf6 3.b3 d6 4.d3 e5 5.Nbd2 Be7 6.Bb2 Nbd7 7.e3 O-O 8.Be2 Re8
9.Qc2 Bf8 10.h3 Nc5 11.b4 Ne6 12.a3 a5 13.O-O Nc7 14.Rad1 Bd7 15.Bc3 axb4
16.axb4 Na6 17.Qb2 h6 18.Rfe1 Bf5 19.Bf1 Nd7 20.e4 Bg6 21.Nb3 Qb6 22.Qd2 d5
23.exd5 Nxb4 24.dxc6 Nxc6 25.Rb1 Qc7 26.Ra1 Qb6 27.Na5 Nb4 28.Reb1 Rxa5 29.Rxa5 Qxa5
30.Bxb4 Qb6 31.Rb2 Bxb4 32.Qxb4 Qxb4 33.Rxb4 Nc5 34.Rb5 Nxd3 35.Rxb7 e4 36.Nd4 Rc8
37.Nc2 Rxc4 38.Ne3 Rc1 39.Rb8+ Kh7 40.Re8 f5 41.Re7 f4 42.Ng4 Kg8 43.g3 Kf8
44.Ra7 h5 45.Nh2 f3 46.g4 Nf4 47.gxh5 Nxh3+ 48.Kh1 Nxf2+  0-1

[Event "34th Olympiad Women"]
[Site "Istanbul TUR"]
[Date "2000.10.28"]
[Round "1"]
[White "Navabi,S"]
[Black "Macek,V"]
[Result "0-1"]
[WhiteElo "2007"]
[BlackElo "2277"]

1.c4 c6 2.Nc3 d5 3.cxd5 cxd5 4.d4 Nf6 5.Nf3 e6 6.Bg5 Be7 7.e3 a6 8.Bd3 b5
9.a3 Nbd7 10.Rc1 Bb7 11.O-O O-O 12.Qe2 Nb6 13.Ne5 Ne4 14.Bxe7 Qxe7 15.f3 Nf6
16.Bb1 Rfc8 17.g4 Nc4 18.g5 Ne8 19.f4 Ned6 20.Rf3 Ne4 21.Nxc4 Rxc4 22.Rh3 g6
23.Bxe4 dxe4 24.Rf1 Rac8 25.Qe1 b4 26.Na4 bxa3 27.Nb6 axb2 28.Nxc8 Rxc8 29.Qf2 Qb4
30.Qh4 b1=Q 31.Qxh7+ Kf8 32.Qh8+ Ke7 33.Qf6+ Kd6 34.Qe5+ Kc6 35.d5+ exd5
36.Rxb1 Qxb1+ 37.Kf2 Kb5 38.Kg3 Qg1+ 39.Kh4 Qe1+ 40.Kg4 Qc3  0-1

[Event "34th Olympiad Women"]
[Site "Istanbul TUR"]
[Date "2000.10.29"]
[Round "2"]
[White "Ioseliani,N"]
[Black "Vijayalakshmi,S"]
[Result "0-1"]
[WhiteElo "2476"]
[BlackElo "2378"]

1.c4 c6 2.e4 d5 3.exd5 cxd5 4.d4 Nf6 5.Nc3 e6 6.Nf3 Be7 7.cxd5 Nxd5 8.Bd3 O-O
9.O-O Nc6 10.a3 Nxc3 11.bxc3 b6 12.Qc2 h6 13.Qe2 Qc7 14.c4 Rd8 15.Bb2 Bf6
16.Rad1 Ba6 17.Qe4 g6 18.h4 h5 19.Bc3 Rac8 20.Rfe1 Ne7 21.Bb4 Nf5 22.d5 exd5
23.cxd5 Bb7 24.Rc1 Qb8 25.Rxc8 Qxc8 26.Qf4 Bxd5 27.Rc1 Qb8 28.Qxb8 Rxb8 29.Bxf5 gxf5
30.Rc7 a5 31.Bd6 Re8 32.Bf4 Kg7 33.Be3 b5 34.Nd4 b4 35.axb4 axb4 36.Rc5 Be4
37.Nb3 Rd8 38.f3 Rd1+ 39.Kf2 Bd5 40.Nd2 Be6 41.Ke2 Ra1 42.Rb5 b3 43.Bg5 Bxg5
44.hxg5 Kg6 45.f4 h4 46.Rb6 Kh5 47.Ke3 Re1+ 48.Kf2 Rc1 49.Ke2 Rc3 50.Kf2 Bd5
51.Nf1 Rc2+ 52.Ke1 Rc6 53.Rb8 Rc1+ 54.Kf2 Rc2+ 55.Ke1 b2  0-1

[Event "34th Olympiad"]
[Site "Istanbul TUR"]
[Date "2000.10.29"]
[Round "2"]
[White "Matamoros Franco,C"]
[Black "Svetushkin,D"]
[Result "1/2-1/2"]
[WhiteElo "2467"]
[BlackElo "2472"]

1.c4 c6 2.d4 d5 3.cxd5 cxd5 4.Bf4 Nc6 5.e3 Nf6 6.Nc3 a6 7.Be2 Bf5 8.Nf3 e6
9.Ne5 Nxe5 10.Bxe5 Nd7 11.Bg3 Be7 12.O-O O-O 13.Bd3 Bxd3 14.Qxd3 Qa5 15.a3 Rfc8
16.b4 Qd8 17.Na4 Rc4 18.Rfc1 Rac8 19.Qf1 a5 20.Nc5 axb4 21.Rxc4 dxc4 22.axb4 b6
23.Qxc4 bxc5 24.dxc5 Nf6 25.c6 Qd5 26.Qxd5 Nxd5 27.b5 Bd8 28.Ra7 Nc3 29.Rb7 Ba5
30.Be5 f6 31.Bxc3 Bxc3 32.f4 Ba5 33.Kf2 Rc7 34.Rb8+ Kf7 35.Ke2 Ke7 36.Ra8 Bb6
37.Ra6 Bc5 38.b6 Bxb6 39.Rxb6 Kd6 40.Kd3 Rxc6  1/2-1/2

[Event "34th Olympiad"]
[Site "Istanbul TUR"]
[Date "2000.10.29"]
[Round "2"]
[White "Matamoros Franco,C"]
[Black "Svetushkin,D"]
[Result "1/2-1/2"]
[WhiteElo "2467"]
[BlackElo "2472"]

1.c4 c6 2.d4 d5 3.cxd5 cxd5 4.Bf4 Nc6 5.e3 Nf6 6.Nc3 a6 7.Be2 Bf5 8.Nf3 e6
9.Be5 Nd7 10.Bg3 Be7 11.O-O O-O 12.Qd2 Bd3 13.Qxd3 Qa5 14.a3 Rfc8 15.b4 Qd8
16.Na4 Rab8 17.Rfc1 a5 18.Nc5 axb4 19.Rc4 dxc4 20.axb4 b6 21.Qxc4 bxc5 22.dxc5 Nf6
23.Qd5 Nxd5 24.b5 Nc3 25.Ra7 Rb7 26.Rxb7 f6 27.Be5 Rc7 28.Rb8 Kf7 29.Rb6  1/2-1/2

[Event "34th Olympiad Women"]
[Site "Istanbul TUR"]
[Date "2000.10.29"]
[Round "2"]
[White "Atbashieva,G"]
[Black "Houska,J"]
[Result "0-1"]
[WhiteElo "2243"]
[BlackElo "2279"]

1.c4 c6 2.Nf3 d5 3.b3 Bg4 4.e3 Nd7 5.Bb2 e6 6.Be2 Ngf6 7.O-O Be7 8.d3 O-O
9.Nbd2 a5 10.h3 Bh5 11.e4 dxe4 12.dxe4 Nc5 13.Ne5 Bxe2 14.Qxe2 Qc7 15.Ng4 Nxg4
16.Qxg4 e5 17.Qg3 f6 18.Ba3 Nxe4 19.Nxe4 Bxa3 20.Rad1 Rad8 21.c5 Rd5 22.Rd3 Qe7
23.Rfd1 Rfd8 24.Qe3 Kf8 25.h4 Qd7 26.Rxd5 cxd5 27.Qf3 Qe7 28.Nc3 d4 29.Ne4 Bxc5
30.Nxc5 Qxc5 31.Qf5 Kg8 32.h5 Qd6 33.Rd3 Qd7 34.Qe4 Qd5 35.Qg4 e4 36.Rg3 Rd7
37.h6 d3 38.hxg7 d2 39.Qd1 Rc7 40.Kh2 Rc1  0-1

[Event "34th Olympiad Women"]
[Site "Istanbul TUR"]
[Date "2000.10.30"]
[Round "3"]
[White "Reizniece,D"]
[Black "Madl,I"]
[Result "1/2-1/2"]
[WhiteElo "2275"]
[BlackElo "2418"]

1.c4 c6 2.Nf3 d5 3.e3 Nf6 4.Nc3 e6 5.b3 Bd6 6.Bb2 O-O 7.Qc2 Re8 8.Be2 a6
9.g4 Qe7 10.g5 Nfd7 11.h4 Ba3 12.Bxa3 Qxa3 13.h5 b5 14.d4 Qe7 15.Bd3 Nf8
16.Ne5 Qxg5 17.O-O-O f5 18.Rdg1 Qf6 19.f4 Nbd7 20.Nxd7 Bxd7 21.c5 Re7 22.Rg5 Be8
23.Nb1 h6 24.Rg2 Raa7 25.a3 Nd7 26.Nd2 Kh8 27.Nf3 Kg8 28.Be2 Kh8 29.Kb1  1/2-1/2

[Event "34th Olympiad"]
[Site "Istanbul TUR"]
[Date "2000.10.31"]
[Round "4"]
[White "Miezis,N"]
[Black "Adianto,U"]
[Result "0-1"]
[WhiteElo "2518"]
[BlackElo "2583"]

1.c4 c6 2.e4 e5 3.Nc3 Bc5 4.g3 Nf6 5.Bg2 O-O 6.h3 d5 7.cxd5 cxd5 8.exd5 Bf5
9.d3 Na6 10.Nge2 Nb4 11.Ne4 Bb6 12.d6 Rc8 13.O-O Nxe4 14.dxe4 Be6 15.Bd2 Qxd6
16.Bc3 Qe7 17.a3 Nc6 18.Qa4 f6 19.Rad1 Qf7 20.Nc1 Nd4 21.Rd2 Rfd8 22.Re1 Rxc3
23.bxc3 Nf3+ 24.Bxf3 Rxd2 25.Re2 Bd7 26.Qb3 Qxb3 27.Nxb3 Rd3 28.Rd2 Rxf3
29.Rxd7 Rxg3+ 30.Kf1 Rxh3 31.Nd2 Rxc3 32.Rxb7 Rc2 33.Rd7 Bd4 34.Nb3 Bxf2
35.a4 h5 36.a5 Rb2 37.Nd2 Bc5 38.Rd5 Bd4 39.Nc4 Rf2+ 40.Ke1 Rf4 41.Rd8+ Kh7
42.Nd6 Bc3+ 43.Ke2 Bxa5 44.Rd7 Bb6 45.Kd3 Rg4 46.Ne8 Kh6 47.Rf7 h4 48.Rf8 Kh7
49.Kc4 h3  0-1